书目信息 |
| 题名: |
徐开墅民商法论文集
|
|
| 作者: | 本书组编 | |
| 分册: | ||
| 出版信息: | 北京 法律出版社 1997.12 |
|
| 页数: | 404页 | |
| 开本: | 20cm | |
| 丛书名: | ||
| 单 册: | ||
| 中图分类: | D922.294.4-53 | |
| 科图分类: | ||
| 主题词: | 法律--中国 | |
| 电子资源: | ||
| ISBN: | 7-5036-2221-0 | |
| 000 | 00540nam0 2200181 450 | |
| 001 | 0858289196 | |
| 005 | 20080624161245.69 | |
| 010 | @a7-5036-2221-0@dCNY24.50 | |
| 100 | @a20080624d1997 km y0chiy0120 ea | |
| 101 | 0 | @achi |
| 102 | @aCN@b110000 | |
| 200 | 1 | @a徐开墅民商法论文集@Axu kai shu min shang fa lun wen ji@f本书组编@Fben shu zu bian |
| 210 | @a北京@c法律出版社@d1997.12 | |
| 215 | @a404页@d20cm | |
| 606 | 0 | @a法律@x中国 |
| 690 | @aD922.294.4-53@v4 | |
| 801 | 0 | @aCN@b山东省滨州职业学院图书馆@c20080624 |
| 905 | @aBZT@dD922.294.4-53@e1 | |
| 徐开墅民商法论文集/本书组编.-北京:法律出版社,1997.12 |
| 404页;20cm |
| ISBN 7-5036-2221-0:CNY24.50 |
| ● |
| 相关链接 |
|
|
|
正题名:徐开墅民商法论文集
索取号:D922.294.4-53/1
 
预约/预借
| 序号 | 登录号 | 条形码 | 馆藏地/架位号 | 状态 | 备注 |
| 1 | 685807 | 2000685807 | 中心书库南/013架B面2层1列/ [索取号:D922.294.4-53/1] | 在馆 | |
| 2 | 685808 | 2000685808 | 中心书库南/013架B面2层1列/ [索取号:D922.294.4-53/1] | 在馆 |